000 00676nas a2200229 4500
001 BR7503179
003 BR-BrBNA
005 20231205082834.0
007 ta
008 230509b bl.|||p| |||| 00| 00por d
040 _aBR-BrBNA
_bpor
_cBiblioteca Nacional de Agricultura
041 _a(Pt)
072 _aL10
100 1 _aBattiston, W.C.
245 1 _aValor do controle leiteiro no trabalho de selecao
650 _aCONTROLE LEITEIRO
650 _aSELECAO GENETICA
650 _aGADO LEITEIRO
773 0 _tRevista dos Criadores (Brazil)
_xISSN 0034-9259
_g(May 1975), v. 45(544) p. 9-11
_wBR7503179
909 _a202311
_bLúcia
_c55
_dLúcia Elande
942 _2AGRIS
_n0
_cANA
999 _c94554
_d94554